000 00467nam a2200181Ia 4500
001 20532
005 20260306172813.0
008 260306t2008||||xx |||||||||||||| ||spa||
041 _aESP
082 _a343.4
_bC28P
100 _aCarpio Marcos, Edgar,
_eAUT
245 0 _aLos precedentes vinculantes del Tribunal Constitucional (2007-2008)
260 _c2008
300 _a136 páginas :
_c24 cm.
650 _aGEN
654 _aCDE
942 _cLIB
_dJUS
_fJUS
_2ddc
_n
999 _c20532
_d20532